000 00700nam a2200289Ia 4500
005 20260324124048.0
008 008 260324s9999 xx 000 0 eng d
020 _a9781351194037
037 _aEBOOK
040 _aCRL
040 _beng
040 _cCRL
041 _2eng
041 _aeng
084 _qCRL
100 _aLucille Cairns
_91172694
245 0 _aPost-war Jewish Women's Writing in French
245 0 _bJuives Francaises Ou Francaises Juives?
260 _bTaylor and Francis
260 _c2011
365 _a
365 _b230
856 _uhttp://www.taylorfrancis.com/books/9781351194037
942 _cEBOOK
999 _c1766768
_d1766768